Datum a čas kvízu
25
Celkem bodů
Celkový počet nahraných bodů na tomto kvízu bez doplňovacích otázek.
5.
Pořadí na kvízu
Konečné umístění týmu na tomto kvízu.
Zaznamenané odpovědi
| # | Otázka | Odpověď | Body | Výsledky |
|---|---|---|---|---|
| 1. | Organizátoři festivalu Colours... | Lorde | 0 | |
| 2. | V oblasti okolo černobylské ja... | o modrou barvu | 1 | |
| 3. | Minulý týden jsme se dozvěděli... | Pevnost Boyard; Paklíč (Klíčník) | 1 | |
| 4. | Známý dánský pivovar představi... | Carlsberg | 0 | |
| 5. | Který český hokejista podepsal... | Martin Nečas | 1 | |
| 6. | Ačkoliv je čas večeře, věnujem... | fazole; rajčata | 0.5 | |
| 7. | Od slané ke sladké snídani. V... | javorový sirup | 1 | |
| 8. | „Snídaně v trávě“ není název: | D | 0 | |
| 9. | Když vyrazíme od Mumlavského v... | Krakonošova snídaně | 0 | |
| 10. | Mnozí z nás si snídani bez káv... | třešně | 0 |